| Tag |
First Indicator |
Second Indicator |
Subfields |
| LEADER |
00000cam a2200000 4500 |
| 001 |
in00000051164 |
| 005 |
20151007065906.0 |
| 008 |
740904s1946 nyu 00000 eng u |
| 010 |
|
|
|a 46007477
|
| 035 |
|
|
|a (OCoLC)00997220
|
| 035 |
|
|
|9 AAE2909AM
|
| 040 |
|
|
|c ITD
|d TXA
|d UtOrBLW
|
| 049 |
|
|
|a TXAM
|c 1 [456522]
|
| 050 |
|
0 |
|a QB44
|b .A3 1946
|
| 082 |
0 |
|
|a 520
|
| 092 |
|
|
|a 523
|b A126e, 1946
|
| 100 |
1 |
|
|a Abbot, C. G.
|q (Charles Greeley),
|d 1872-1973.
|
| 245 |
1 |
4 |
|a The earth and the stars /
|c by C. G. Abbot ...
|
| 264 |
|
1 |
|a New York :
|b D. Van Nostrand company, inc.,
|c [1946]
|
| 300 |
|
|
|a xii, 288 pages :
|b frontispiece, illustrations (including charts) plates, portraits, diagrams ;
|c 24 cm.
|
| 336 |
|
|
|a text
|b txt
|2 rdacontent
|
| 337 |
|
|
|a unmediated
|b n
|2 rdamedia
|
| 338 |
|
|
|a volume
|b nc
|2 rdacarrier
|
| 500 |
|
|
|a First edition published 1925.
|
| 650 |
|
0 |
|a Astronomy.
|
| 999 |
|
|
|a MARS
|
| 999 |
f |
f |
|s 2aa7d06c-a38d-3271-984d-183349e7284f
|i 6d184bac-500c-3a93-b2cf-88bd9a79175f
|t 0
|
| 952 |
f |
f |
|p ric
|a Texas A&M University
|b Rellis Campus
|c Joint Library Facility
|d Remote Storage
|t 0
|e QB44 .A3 1946
|h Library of Congress classification
|i unmediated -- volume
|m A14800899553
|
| 998 |
f |
f |
|a QB44 .A3 1946
|t 0
|l Remote Storage
|